00639nam a22001817a 4500003000500000005001700005008004100022040001300063082000800076100002000084245012600104260002700230300000900257526004700266650004700313700003900360856005800399Nust20241210113540.0170216b xxu||||| |||| 00| 0 eng d cNust-MCE a200 aZarmina Zahoor  aEffective implementation of national disaster response plan 2010 at district level for flood management/ cZarmina Zahoor aRisalpur,bMCE,c2014. a93p. aMS-Construction Engineering and Management aMS-Construction Engineering and Management aSupervisor: Dr. Syed Hassan Farooq u http://10.250.8.41:8080/xmlui/handle/123456789/11791